Another year's talks to children. (Record no. 12280)

000 -LEADER
fixed length control field 00565nam a2200181 a 4500
001 - CONTROL NUMBER
control field :::00010082$&:&@@
003 - CONTROL NUMBER IDENTIFIER
control field OkBaRHE
005 - DATE AND TIME OF LATEST TRANSACTION
control field 20000607103356.0
008 - FIXED-LENGTH DATA ELEMENTS--GENERAL INFORMATION
fixed length control field s1943 j 000 0 eng u
040 ## - CATALOGING SOURCE
Transcribing agency
100 1# - MAIN ENTRY--PERSONAL NAME
Personal name Dickie, Edgar Primrose, 1897-
245 10 - TITLE STATEMENT
Title Another year's talks to children.
260 ## - PUBLICATION, DISTRIBUTION, ETC. (IMPRINT)
Place of publication, distribution, etc New York, NY., :
Name of publisher, distributor, etc Fleming H. Revell Co.
Date of publication, distribution, etc c1943
300 ## - PHYSICAL DESCRIPTION
Extent 143 p. ;
Dimensions 19 cm.
650 ## - SUBJECT ADDED ENTRY--TOPICAL TERM
Topical term or geographic name as entry element Children's Sermons
942 ## - ADDED ENTRY ELEMENTS (KOHA)
Source of classification or shelving scheme
Koha item type Books
Copies
Koha item type Shelving location Copy number Withdrawn status Price effective from Source of classification or shelving scheme Lost status Date acquired Damaged status Full call number Permanent Location Not for loan Date last seen Barcode
BooksGeneral Stacks1 2010-04-14  2010-04-14 BV 4315 .D5A53RHEMA Bible Training College 2010-04-1410082